Zvýšiť majstrovstvo prekladu umeleckej literatúry : [referát na] 2. sjazdu čs. spisovateľov 22.-29. apríla 1956 /

Main Author: Jesenská, Zora, 1909-1972
Language: Slovak
Published: Praha : Sväz čs. spisovatelov, 1956
Physical Description: 44 s. ; 8°
Book
Saved in:
LEADER 00980nam a22002652a 4500
001 000889565
003 CZ BrMZK
005 20190415093605.0
007 ta
008 080313s1956 xr er|||||||||||slo d
015 |a cnb000722334  |z cnb001387183 
035 |a (OCoLC)85452829 
040 |a ABA001  |b cze  |c BOA001  |d ABA001 
072 7 |a 061.2  |x Nevládní organizace a kooperace  |2 Konspekt  |9 18 
080 |a 82-93  |2 MRF 
080 |a 82-051:061.2  |2 MRF 
100 1 |a Jesenská, Zora,  |d 1909-1972  |7 jn19990209310  |4 aut 
245 1 0 |a Zvýšiť majstrovstvo prekladu umeleckej literatúry :  |b [referát na] 2. sjazdu čs. spisovateľov 22.-29. apríla 1956 /  |c Zora Jesenská 
260 |a Praha :  |b Sväz čs. spisovatelov,  |c 1956 
300 |a 44 s. ;  |c 8° 
500 |a Vyd. pro účastníky sjezdu 
610 2 7 |a Svaz československých spisovatelů.  |b Sjezd  |n (2. :  |d 1956 :  |c Praha, Česko)  |7 olak2002158685  |2 czenas 
655 7 |a referáty  |7 fd133236  |2 czenas 
910 |a BOA001  |b X-0358.270 
990 |a BK